عرض عادي عرض مارك
  • Leon-Garcia, Alberto.

مدخل إسم شخص

عدد التسجيلات المستخدمة في: 1

001 - رقم الضبط

  • حقل الضبط: 39457

003 - معرف رقم الضبط

  • حقل الضبط: OSt

005 - تاريخ ووقت أخر عملية

  • حقل الضبط: 20131112154431.0

008 - عناصر بيانات ثابتة الطول

  • حقل تحكم ثابت الطول: 131112|||a|||||| | ||| d

040 ## - مصدر الفهرسة

  • هيئة الفهرسة الأصلية: OSt
  • وكالة الكتابة: OSt

100 ## - مدخل -- أسم شخص

  • إسم شخص: Leon-Garcia, Alberto.
  • عنوان العمل: Probability and random processes for electrical engineering.

670 ## - بيانات المصدر موجوده

  • الاستشهاد بالمصدر: Work cat.: (OSt)0: Leon-Garcia, Alberto., Probability, statistics, and random processes for electrical engineering /, c2008.